000 00310pam a2200145 a 4500
020 _c
041 _aeng
082 _bTAN
100 _aTandon Rajendra .
245 _aKalidasa the Raghuvamsham
_hTextual Documents
250 _a2010.
260 _a[s.l]:
_bRupa CO
300 _a893 pg .
930 _a10637
999 _c87541
_d87541